000 01461nam a2200361 a 4500
001 ebr10395597
003 CaPaEBR
006 m u
007 cr cn|||||||||
008 981130s1999 miua sbi 001 0 eng d
010 _z 98053596
020 _z0472109456 (cloth : alk. paper)
020 _z9780472109456 (cloth)
020 _z9780472023394 (e-book)
040 _aCaPaEBR
_cCaPaEBR
035 _a(OCoLC)651657388
043 _aa-is---
050 1 4 _aHQ1236.5.I75
_bH46 1999eb
082 0 4 _a320/.082/095694
_221
100 1 _aHerzog, Hanna.
245 1 0 _aGendering politics
_h[electronic resource] :
_bwomen in Israel /
_cHanna Herzog.
260 _aAnn Arbor :
_bUniversity of Michigan Press,
_cc1999.
300 _axvi, 292 p. :
_bill.
490 1 _aInterests, identities, and institutions in comparative politics
504 _aIncludes bibliographical references (p. 273-284) and index.
533 _aElectronic reproduction.
_bPalo Alto, Calif. :
_cebrary,
_d2013.
_nAvailable via World Wide Web.
_nAccess may be limited to ebrary affiliated libraries.
650 0 _aWomen
_xPolitical activity
_zIsrael.
650 0 _aLocal government
_zIsrael.
655 7 _aElectronic books.
_2local
710 2 _aebrary, Inc.
830 0 _aInterests, identities, and institutions in comparative politics.
856 4 0 _uhttp://site.ebrary.com/lib/rucke/Doc?id=10395597
_zAn electronic book accessible through the World Wide Web; click to view
999 _c88310
_d88310